| 000 | 00000nam##2200000za#4500 |
| 001 | 9.641479 |
| 003 | CaOODSP |
| 005 | 20250403105400 |
| 007 | cr ||||||||||| |
| 008 | 150407|1989||||xxc|||||o f|0| 0 fre|d |
| 040 | |aCaOODSP|bfre |
| 043 | |an-cn--- |
| 086 | 1 |aCS96-F0002/1989F-PDF |
| 245 | 03|aLa population autochtone du Canada selon les subdivisions de recensement d'après le Recensement du Canada de 1986 |h[ressource électronique] |
| 246 | 1 |iDeuxième titre de série imprimé sur la couverture : |aProgramme des autochtones tâches reliées aux produits |
| 260 | |aOttawa - Ontario : |bStatistique Canada |c1989. |
| 500 | |aPublication du recensement historique numérisé par Statistique Canada. |
| 590 | |a13-07-Supp|b2013-03-25 |
| 691 | 07|aAutochtones|2gcpds |
| 691 | 07|aDonnées du recensement|2gcpds |
| 710 | 2 |aStatistique Canada. |
| 775 | 08|tCanada's aboriginal population by census subdivisions from the 1986 Census of Canada |w(CaOODSP)9.697442 |
| 856 | 40|ahttp://publications.gc.ca|qPDF|s5.8 Mo|uhttps://publications.gc.ca/collections/collection_2013/statcan/rh-hc/CS96-F0002-1989-fra.pdf |